| 000 | 00451nam a22001577a 4500 | ||
|---|---|---|---|
| 008 | 250620b |||||||| |||| 00| 0 eng d | ||
| 020 | _a9789387938441 | ||
| 050 |
_aQR48 _b.B47 |
||
| 100 | _aBergey D.H. | ||
| 245 | _aWaste water microbiology | ||
| 250 | _a2nd | ||
| 260 |
_aNew delhi _bVinod Kumar Jain, scientific international (pvt.) ltd. _c2019 |
||
| 300 |
_axx, 647p. _bill. |
||
| 650 |
_aWater-microbiology _vSawafe-microbiology |
||
| 942 | _cBK | ||
| 999 |
_c3910 _d3910 |
||